000 01036nam a2200289 i 4500
003 DO-SdBNP
005 20250507105710.0
007 ta
008 250507b2023 dr a|||| |||| 00| 0 spa d
020 _a9789945186789
040 _aDO-SdBNP
_bspa
_cBNPHU
_erda
082 4 _axxx
_bxxx
_222
100 _aFlores, Aleja,
_eautor
_4aut.
_987160
245 1 3 _aEl Diseño de tu imagen :
_bdescubriendo tu identidad y estilo /
_cAleja Flores ; edición, Ingrid Lluveres ; prólogo, Melkis Diaz
264 1 _aSanto Domingo :
_bEditor no identificado,
_c2023.
300 _a408 páginas :
_bilustraciones ;
_c26 cm.
336 _atexto
_btxt
_2rdacontent
337 _asin mediación
_bn
_2rdamedia
338 _avolumen
_bnc
_2rdacarrier
500 _aIncluye datos biográficos del autor en la contracubierta
504 _aBibliografía : páginas 405-408
590 _aInventariado, 2025/BT
700 1 _aLluveres, Ingrid,
_eeditor
_4ed.
_987681
700 1 _aDiaz, Melkis,
_eprologuista
_4pr.
_987682
910 _aBtavárez
942 _2ddc
_cLBS1
999 _c58376
_d58376